|
|
|
|
| LEADER |
01164nam a2200301 a 4500 |
| 001 |
GR-Patra25023 |
| 008 |
020606s2002 gr e b 001 b eng d |
| 020 |
|
|
|a 0721680291
|
| 044 |
|
|
|b pa
|
| 050 |
|
|
|a RC1210
|b .F365 2002
|
| 082 |
|
0 |
|a 617.1027082
|2 21
|
| 245 |
0 |
0 |
|a The female athlete /
|c [edited by] Mary Lloyd Ireland, Aurelia Nattiv.
|
| 260 |
|
|
|a Philadelphia :
|b Saunders,
|c c2002
|
| 300 |
|
|
|a xix, 803 σ. :
|b εικ.
|
| 500 |
|
|
|a Παράρτημα Αιγίου. Τμήμα Φυσικοθεραπείας.
|
| 504 |
|
|
|a Περιλαμβάνει βιβλιογραφίες και ευρετήριο.
|
| 610 |
2 |
4 |
|a Παράρτημα Αιγίου. Τμήμα Φυσικοθεραπείας
|
| 650 |
|
0 |
|a ATHLETIC INJURIES
|
| 650 |
|
0 |
|a SPORTS INJURIES
|
| 650 |
|
0 |
|a SPORTS MEDICINE
|
| 650 |
1 |
0 |
|a Women's Health
|
| 700 |
1 |
|
|a Ireland, Mary Lloyd
|
| 700 |
1 |
|
|a Nattiv, Aurelia
|
| 710 |
0 |
|
|a Saunders
|
| 942 |
|
|
|2 ddc
|
| 952 |
|
|
|0 0
|1 0
|2 ddc
|4 0
|6 617_102000000000000_708_2_IRE
|7 0
|9 367675
|a LISP
|b LISP
|d 2023-01-20
|l 0
|o 617.102 708 2 IRE
|p 025000297010
|r 2023-01-20 00:00:00
|t 1
|w 2023-01-20
|y BK15
|
| 971 |
|
|
|a .b26725952
|b 15-04-20
|c 26-09-16
|
| 999 |
|
|
|c 177075
|d 177075
|